মিটফোর্ড হাস্পাতাল ও ঢাকা মেডিকেল স্কুল : ইতিহাস ও ঐতিহ্য ১৮৫৮-১৯৪৭ /
Articles on the history from 1858 to 1947, of Mitford Hospital and of Dhaka Medical School, both located in Dhaka, Bangladesh.
| 1. Verfasser: | |
|---|---|
| Format: | Buch |
| Sprache: | Bengali English |
| Veröffentlicht: |
ঢাকা :
একাডেমিক প্রেস এন্ড পাবলিশার্স লাইব্রেরি,
২০১০.
|
| Schriftenreihe: | শিক্ষা,সংস্কৃতি, নগর ও প্রতিষ্ঠান ;
২ |
| Schlagworte: | |
| Classic Catalogue: | View this record in Classic Catalogue |
| LEADER | 02022cam a22003854a 4500 | ||
|---|---|---|---|
| 001 | 15181849 | ||
| 005 | 20151118123630.0 | ||
| 008 | 080215s2007 bg abf b 001 0 beno | ||
| 010 | |a 2008336077 | ||
| 020 | |a 9840802216 | ||
| 025 | |a B-B-2008-336077; 21 | ||
| 037 | |b Library of Congress -- New Delhi Overseas Office |c Tk490.00 ($25.00 U.S.) | ||
| 040 | |a DLC |c DLC | ||
| 041 | 0 | |a ben |a eng | |
| 042 | |a lcode | ||
| 043 | |a a-bg--- | ||
| 050 | 0 | 0 | |a RA990.B34 |b D5335 2007 |
| 082 | |a 362.1/1/095492 | ||
| 100 | 1 | |a আহমেদ, শরীফ উদ্দিন |9 16337 | |
| 245 | 1 | 0 | |a মিটফোর্ড হাস্পাতাল ও ঢাকা মেডিকেল স্কুল : |b ইতিহাস ও ঐতিহ্য ১৮৫৮-১৯৪৭ / |c শরীফ উদ্দিন আহমেদ. |
| 246 | 1 | |i Parallel title on t.p. verso: |a Mitford Hospital and Dhaka Medical School | |
| 260 | |a ঢাকা : |b একাডেমিক প্রেস এন্ড পাবলিশার্স লাইব্রেরি, |c ২০১০. | ||
| 300 | |a xx, ৪৭৬ পৃ. : |b চিত্র ; |c ২৩ সে.মি.. | ||
| 490 | 0 | |a শিক্ষা,সংস্কৃতি, নগর ও প্রতিষ্ঠান ; |v ২ | |
| 504 | |a Includes bibliographical references (p. [467]-472) and index. | ||
| 520 | |a Articles on the history from 1858 to 1947, of Mitford Hospital and of Dhaka Medical School, both located in Dhaka, Bangladesh. | ||
| 541 | |e 7550 | ||
| 546 | |a In Bengali; includes passages in English. | ||
| 610 | 2 | 0 | |a Mitford Hospital (Dhaka, Bangladesh) |x History. |9 16338 |
| 610 | 2 | 0 | |a Dhaka Medical School |x History. |9 16339 |
| 650 | 0 | |a Hospitals |z Bangladesh |z Dhaka |x History. |9 16340 | |
| 650 | 0 | |a Medical colleges |z Bangladesh |z Dhaka |x History. |9 16341 | |
| 942 | |2 ddc |c BK | ||
| 999 | |c 36219 |d 36219 | ||
| 952 | |0 0 |1 0 |2 ddc |4 0 |6 362_100000000000000_1_095492_AHA |7 0 |9 56953 |a SCL |b SCL |c GEN |d 2015-11-18 |g 490.00 |l 0 |o 362.11095492 AHA |p 3020007550 |r 2015-11-18 |t 1 |w 2015-11-18 |y BK | ||